000 00660nam a2200217Ii 4500
003 JO-AjNU
008 230606s9999||||xx |||||||||||||| ||und||
020 _a978-9957-61-652-6
040 _aJO-AjNU
_beng
_erda
_cJO-AjNU
041 _aeng
050 1 4 _aHF5625.2017
100 3 _aAL-Tabari ,Mahmoud Omar, Khaled Jamal Al Jaarat ,
_eauthor
_96318
245 0 0 _aAccounting Applications Using Spreadsheets Microsoft Office Excel
250 _a1 ed
264 3 1 _aAmman: DarSafa, 2017
300 _a256p
336 _atext
_btxt
_2rdacontent
337 _aunmediated
_bn
_2rdamedia
338 _avolume
_bnc
_2rdacarrier
650 4 _aAccounting-computer
_96319
999 _aE3277
_c3273
_d3273